Normal view
MARC view
- Hucho, Wolf-Heinrich
Entry Personal Name
001 - CONTROL NUMBER
- control field: 77554
003 - CONTROL NUMBER IDENTIFIER
- control field: NUST
005 - DATE AND TIME OF LATEST TRANSACTION
- control field: 20210628205934.0
008 - FIXED-LENGTH DATA ELEMENTS
- fixed length control field: 210628|| aca||aabn | a|a d
040 ## - CATALOGING SOURCE
- Original cataloging agency: NUST
- Transcribing agency: NUST
100 ## - HEADING--PERSONAL NAME
- Personal name: Hucho, Wolf-Heinrich
670 ## - SOURCE DATA FOUND
- Source citation: Work cat.: (NUST): Hucho, Wolf-Heinrich, Aerodynamics of road vehicles from fluid mechanics to vehicle engineering, 1998
